Revelación de la gracia : psicoterapia en el espíritu de Tao-te ching /

Análisis de las aportaciones a la terapia contemporánea, del "Tao Te KIng", libro escrito por Lao Tse, que constituye el texto fundamental de la escuela filosófica taoísta.

I tiakina i:
Ngā taipitopito rārangi puna kōrero
Kaituhi matua: Johanson, Greg (autor)
Ētahi atu kaituhi: Kurtz, Ron (autor) (autor)
Hōputu: Pukapuka
Reo:Pāniora
I whakaputaina: Santiago, Chile : Cuatro Vientos, 1994
Ngā marau:
Ngā Tūtohu: Tāpirihia he Tūtohu
Kāore He Tūtohu, Me noho koe te mea tuatahi ki te tūtohu i tēnei pūkete!

MARC

LEADER 00000nam^a2200000^a^4500
001 000046954
005 20250521000000.0
009 20260310090030.126
020 |a 956-242-025-6 
037 |a Acervo ITESO - Biblioteca 
041 |a ESP 
082 |a 616. 8916  |b JOH 
100 |a Johanson, Greg  |e (autor) 
245 1 0 |a Revelación de la gracia : psicoterapia en el espíritu de Tao-te ching /  |c G. Johanson, Ron Kurtz ; il. de Charles Chu ; tr. por Renato Valenzuela y Francisco Huneeus. 
264 1 |a Santiago, Chile :  |b Cuatro Vientos,  |c 1994 
300 |a 160 p. 
336 |a texto  |b txt  |2 rdacontenido 
337 |a sin mediación  |b n  |2 rdamedio 
338 |a volumen  |b nc  |2 rdasoporte 
500 |a Traducción de: Grace unfolding : psychotherapy in the spirit of Tao-te ching 
520 |a Análisis de las aportaciones a la terapia contemporánea, del "Tao Te KIng", libro escrito por Lao Tse, que constituye el texto fundamental de la escuela filosófica taoísta. 
649 |a XX 
650 |a Psicoterapia 
650 |a Psicología Clínica 
650 |a Filosofías Orientales 
650 |a Taoísmo 
700 |a Kurtz, Ron  |e (autor) 
910 |a Fondo General 
920 |a Impresos - Libros 
930 |a Colección General 
905 |a 101 
901 |a 0500001970  |b IT1  |c ACC  |u 20250521 
902 |a https://opac.biblio.iteso.mx/vufind/Record/000046954